<The> Economics of Greenhouse Gas Accumulation <A> Simulation Approach

Gespeichert in:
Bibliographische Detailangaben
1. Verfasser: Michaelis, Peter
Format: Buch
Sprache:Englisch
Veröffentlicht: Kiel Institut für Weltwirtschaft 1992
Schriftenreihe:Kiel Working Paper No.528
Schlagworte:
Tags: Tag hinzufügen
Keine Tags, Fügen Sie das erste Tag hinzu!

MARC

LEADER 00000nam a2200000 4500
001 c010702
005 20250521092919.2
041 0 |a eng 
044 |a DE 
245 1 0 |a <The> Economics of Greenhouse Gas Accumulation  |b <A> Simulation Approach  |c Peter Michaelis 
264 1 |a Kiel  |b Institut für Weltwirtschaft  |c 1992 
300 |a 19 s. 
490 1 |a Kiel Working Paper  |v No.528 
830 0 |a Kiel Working Paper  |v No.528 
610 2 0 |a plyn 
610 2 0 |a akumulácia 
610 2 0 |a simulácia 
610 2 0 |a efektívnosť ekonomická 
610 2 0 |a energia slnečná 
610 2 0 |a modely simulačné 
100 1 |a Michaelis, Peter